000 00566nam a2200193Ia 4500
008 220204s9999 xx 000 0 und d
020 _a9781771886642
082 _a577.21:631.52
_bBHA
100 _aBharadwaj, DN
245 0 _aAdvanced molecular plant breeding: Meeting the challenge of food security
260 _aCanada
_bApple Academic Press
300 _a700p.
650 _aBiodiversity
650 _aCrop improvement
650 _aMolecular genetics
650 _aPlant genetic resourcesGenetic engineering
650 _aTissue culture
942 _cBK
999 _c43224
_d43224